Normal view
MARC view
Entry Personal Name
001 - CONTROL NUMBER
- control field: 58384
003 - CONTROL NUMBER IDENTIFIER
- control field: dpl
005 - DATE AND TIME OF LATEST TRANSACTION
- control field: 20231108151051.0
008 - FIXED-LENGTH DATA ELEMENTS
- fixed length control field: 231108|| aca||aabn | a|a d
040 ## - CATALOGING SOURCE
- Original cataloging agency: dpl
- Transcribing agency: dpl
100 ## - HEADING--PERSONAL NAME
- Personal name: सक्सेना,के.पी
670 ## - SOURCE DATA FOUND
- Source citation: Work cat.: (dpl)198656: सक्सेना,के.पी., दार-भात चुरगे;छत्तीसगढ़ की लोककथाएं/ , 2011
